MyGZULibrary

Traditions & encounters : (Record no. 600)

MARC details
000 -LEADER
fixed length control field 01004cam a2200289 a 4500
001 - CONTROL NUMBER
control field 12712645
003 - CONTROL NUMBER IDENTIFIER
control field GZU
005 - DATE AND TIME OF LATEST TRANSACTION
control field 20200908111932.0
008 - FIXED-LENGTH DATA ELEMENTS--GENERAL INFORMATION
fixed length control field 020321s2003 mauab b 001 0 eng
010 ## - LIBRARY OF CONGRESS CONTROL NUMBER
LC control number 2002021916
020 ## - INTERNATIONAL STANDARD BOOK NUMBER
International Standard Book Number 0072489936 (acidfree paper)
040 ## - CATALOGING SOURCE
Original cataloging agency DLC
Transcribing agency DLC
Modifying agency DLC
050 00 - LIBRARY OF CONGRESS CALL NUMBER
Classification number D20
Item number .BEN 2003
100 1# - MAIN ENTRY--PERSONAL NAME
Personal name Bentley, Jerry H.,
Dates associated with a name 1949-2012.
Relator term author
245 10 - TITLE STATEMENT
Title Traditions & encounters :
Remainder of title a global perspective on the past /
Statement of responsibility, etc. Jerry H. Bentley, Herbert F. Ziegler.
246 3# - VARYING FORM OF TITLE
Title proper/short title Traditions and encounters
250 ## - EDITION STATEMENT
Edition statement 2nd ed.
260 ## - PUBLICATION, DISTRIBUTION, ETC.
Place of publication, distribution, etc. Boston :
Name of publisher, distributor, etc. McGraw-Hill,
Date of publication, distribution, etc. c2003.
300 ## - PHYSICAL DESCRIPTION
Extent xlvi, 1169p. :
Other physical details ill. (some col.), col. maps ;
Dimensions 26 cm.
500 ## - GENERAL NOTE
General note Issued also in a 2 v. set.
504 ## - BIBLIOGRAPHY, ETC. NOTE
Bibliography, etc. note Includes bibliographical references and index.
650 #0 - SUBJECT ADDED ENTRY--TOPICAL TERM
Topical term or geographic name entry element World history.
650 #0 - SUBJECT ADDED ENTRY--TOPICAL TERM
Topical term or geographic name entry element Intercultural communication
General subdivision History.
700 1# - ADDED ENTRY--PERSONAL NAME
Personal name Ziegler, Herbert F.,
Dates associated with a name 1949-
Relator term author
906 ## - LOCAL DATA ELEMENT F, LDF (RLIN)
a 7
b cbc
c orignew
d 1
e ocip
f 20
g y-gencatlg
942 ## - ADDED ENTRY ELEMENTS (KOHA)
Source of classification or shelving scheme Library of Congress Classification
Koha item type Books
Edition 2nd ed.
Classification part 20
Item part BEN
Call number prefix D
Holdings
Withdrawn status Lost status Source of classification or shelving scheme Damaged status Not for loan Collection code Home library Current library Shelving location Date acquired Total Checkouts Full call number Barcode Date last seen Copy number Price effective from Koha item type
    Library of Congress Classification     Non-fiction City Campus Library City Campus Library General Stacks 09/08/2020   D20 BEN 2003 000708 09/08/2020 c. 1 09/08/2020 Books
    Library of Congress Classification     Non-fiction City Campus Library City Campus Library General Stacks 11/03/2004   D20 BEN 2003 003665 09/08/2020 c. 2 09/08/2020 Books
    Library of Congress Classification     Non-fiction City Campus Library City Campus Library General Stacks 11/03/2004   D20 BEN 2003 B018471 09/08/2020 c. 3 09/08/2020 Books